000 00503nam a2200181Ia 4500
001 27561
003 IN-NITTTR
005 20251114233343.0
008 251113s9999||||xx |||||||||||||| ||eng||
040 _beng
040 _cIN-NITTTR
041 _aeng
082 _a658.514 B114M
100 _aBabcock, Daniel L.
245 0 _aManaging engineering and technology :
_b an itroduction to management for engineers /
_cBabcock, Daniel L., Morse, Lucy C.
700 _a Morse, Lucy C.
942 _2ddc
_cBK
999 _c30189
_d30189